000 00949cab a22002175a 4500
001 L157523
008 130109e20131301xxk 000 0 eng d
035 _a(Sirsi) u157523
041 0 _aeng
100 1 _aKalfon, Olivier
245 0 0 _aRemedies for removing squatters
260 _c2013
490 _aEstates Gazette
_v(1301) 5 January 2013, 43(1)
520 _aExplains the new criminal offence against squatting provided by Section 144 of the Legal Aid, Sentencing and Punishment of Offenders Act 2012. Also mentions the civil remedies for squatting but states it is too soon to be clear to what extent the introduction of the new criminal offence will obviate the need for landlords and others to bring civil proceedings.
590 _aKA
650 2 4 _aLEGAL AID, SENTENCING AND PUNISHMENT OF OFFENDERS ACT 2012
651 4 _aEngland and Wales
_y1543-
690 _aProperty management
_96262
700 1 _aHumphreys, Emma
942 _n0
999 _c84406
_d84406